Sports Quiz

Random Sports or Baseball Quiz

Seattle Mariners Opening Day Starting Pitchers Quiz Stats

 Plays Quiz Updated Apr 2, 2018

Score 0/42 Timer 07:00
1 Play Today
Year Starter % Correct
2007Félix Hernández
96.3%
2009Félix Hernández
96.3%
2010Félix Hernández
96.3%
2011Félix Hernández
96.3%
2012Félix Hernández
96.3%
2013Félix Hernández
96.3%
2014Félix Hernández
96.2%
2015Félix Hernández
96.2%
2016Félix Hernández
96.2%
2017Félix Hernández
96.2%
2018Félix Hernández
95.5%
1992Randy Johnson
92%
1993Randy Johnson
92%
1994Randy Johnson
92%
1995Randy Johnson
92%
1996Randy Johnson
92%
1998Randy Johnson
92%
2000Jamie Moyer
69.4%
2004Jamie Moyer
69.4%
2005Jamie Moyer
69.4%
2006Jamie Moyer
69.4%
Year Starter % Correct
2001Freddy García
39%
2002Freddy García
39%
2003Freddy García
39%
1987Mark Langston
37.5%
1988Mark Langston
37.5%
1989Mark Langston
37.5%
2008Erik Bedard
19.1%
1983Gaylord Perry
18.9%
1984Mike Moore
16.4%
1985Mike Moore
16.4%
1986Mike Moore
16.4%
1991Erik Hanson
11.8%
1997Jeff Fassero
11.1%
1999Jeff Fassero
11.1%
1978Glenn Abbott
10.7%
1979Glenn Abbott
10.7%
1981Glenn Abbott
10.7%
1977Diego Seguí
9.4%
1982Floyd Bannister
9.3%
1990Brian Holman
7.1%
1980Mike Parrott
5.1%

You're not logged in!

Compare scores with friends on all Sporcle quizzes.
OR
Log In

You Might Also Like...

Show Comments

Extras

Top Quizzes Today


Score Distribution

Your Account Isn't Verified!

In order to create a playlist on Sporcle, you need to verify the email address you used during registration. Go to your Sporcle Settings to finish the process.

Report this User

Report this user for behavior that violates our Community Guidelines.

Details: